书目信息 |
| 书名: | THREE SHIRT DEAL | |
| 作者: | Stephen J.Cannell | |
| 分册号: | ||
| 分册名: | 出版地: | NEW YORK |
|
| 出版社: | St.Martin's Press | |
| 出版时间: | 2008 | |
| 页数: | 322p | |
| 开本: | 23CM | |
| 丛书名: | ||
| 中图分类号: | ||
| 科图分类号: | ||
| 其他分类号: | I712.45 | |
| 主题词: | ||
| 电子资源: | ||
| 000 | 00396nam0 2200145 450 | |
| 001 | 202012000644 | |
| 005 | 20121107170456.0 | |
| 008 | 12102301s | |
| 020 | @a9780312366278@bhard@c$24.95 | |
| 099 | @dI712.45@eS828 | |
| 245 | 10 | @aTHREE SHIRT DEAL@cStephen J.Cannell |
| 260 | 0 | @aNEW YORK@bSt.Martin's Press@c2008 |
| 300 | @a322p@c23CM | |
| 905 | @b008985 | |
| 905 | @aTSG@dI712.45@eS828 | |
| THREE SHIRT DEAL / Stephen J.Cannell.-NEW YORK : St.Martin's Press , 2008 |
| 322p ; 23CM |
| ISBN 9780312366278hard$24.95 |
| ● |
| 相关链接 |
|
|
|
正题名:THREE SHIRT DEAL
索取号:I712.45/S828
 
预约/预借
| 序号 | 登录号 | 条形码 | 馆藏地/架位号 | 状态 | 备注 |
| 1 | 8985 | 300089856 | 文学库116/ [索取号:I712.45/S828] | 在馆 |